| Virtuální polytechnická knihovna - Souborný katalog - Úplný záznam dokumentu - MARC |
Uživatel: --- |
-----nas 22-----zu 4500
001 SKVPK0031915
003 CZ-VPK
005 20260424140703.0
008 260424d19711973||||| | ||| || |||||||
022 $a0090-0214
040 $aABA013$bcze
222 0$aNuclear data tables
245 00$aNuclear data tables
260 $aSpojené státy americké :$bNew York : Academic Press,$c1971-1973
650 07$afyzika$xfy$2psh
780 00$tNew York : Academic Press$x0090-5518
780 00$tAtomic data$x0004-7082
780 00$tAtomic data and nuclear data tables,$x0092-640X
910 $aABA013$r1971-1973
| čtvrtek 14.05.2026 02:30:36 |
© 2001-2015 Národní technická knihovna |
[Virtuální polytechnická knihovna]
[Servisní centrum]
[Souborný katalog]